Кузьма Скрябін (Запис № 572418)

МАРК-запис
000 -Лідер
fixed length control field 01781 a2200253 4500
003 - Ідентифікатор контрольного номера
control field UA-OsUOA
005 - Дата та час останнього входження (трансакції)
control field 20220419184845.0
008 - Елементи даних фіксованої довжини – загальна інформація
fixed length control field 220419b un ||||| |||| 00| 0 ukr d
020 ## - Міжнародний стандартний книжковий номер (ISBN)
Міжнародний стандартний книжковий номер (ISBN) (НП) 9789660395343
040 ## - Джерело каталогізації
Агенція оригінальної каталогізації UA-OsUOA
Мова каталогізації ukr
Агенція, яка здійснювала перезапис UA-OsUOA
Агенція, яка здійснювала модифікацію UA-OsUOA
041 ## - Код мови
Код мови тексту/ звукової доріжки чи окремого заголовка (П) ukr
080 ## - Індекс Універсальної десяткової класифікації
Індекс Універсальної десяткової класифікації (УДК) (НП) 929:78.07
090 ## - Локальний шифр розміщення
Класифікаційний індекс УДК 929:78.07
Авторський знак (НП) З-45
100 ## - Основне введення – ім’я особи
Ім’я особи (НП) Згурська М.
245 ## - Відомості про назву
Назва (НП) Кузьма Скрябін
Дані про відповідальність (НП) Марія Згурська, Віталій Бардецький ; худож.-оформлювач Є. Вдовиченко
260 ## - Публікація, розповсюдження і т.п. (Вихідні дані)
Місце публікації, розповсюдження і т.п. (П) Харків
Ім’я/ наймення видавництва, розповсюджувача і т.п. (П) Фоліо
Дата публікації, розповсюдження і т.п. (П) 2020
300 ## - Фізичний опис
Обсяг 127 с.
490 ## - Область серії
Назва серії Знамениті українці
520 ## - Резюме і т.п.
Резюме, реферат, анотація, тощо (НП) Кузьма Скрябін, Кузьменко Андрій Вікторович (1968—2015), став легендою ще за життя. Його вплив на індустрію музики і культури України важко порівнювати з іншими. Кузьма був кумиром мільйонів українців і незаперечним авторитетом: співак, композитор, письменник, продюсер, актор і багаторічний лідер гурту «Скрябін». Він запам’ятався своїм шанувальникам неймовірним гумором, божевільними ідеями та відкритим серцем... У книзі багато спогадів близьких друзів, колег-музикантів.
650 ## - Додаткове предметне введення – тематичний термін
Джерело заголовка чи терміна UDC
Тематичний термін чи географічна назва, як елемент введення (НП) 929 Біографічні дослідження
942 ## - Додаткові елементи входу (Коха)
Тип елемента Koha Книги
Source of classification or shelving scheme Universal Decimal Classification
955 ## - Код типу видання за змістом
Код типу видання за змістом (НП) Літературно-художні видання
Фонди
Стан вилучень Стан втрат Джерело класифікації або схеми стелажів Стан уражень Не для кредиту Постійне місце розташування Поточне розміщення Дата придбання Джерело придбання Вартість, звичайна ціна покупки Усього замовленно Повний номер виклику Штрих-код Дата останнього перегляду Вартість, ціна заміни Ціна ефективна від Тип елемента Koha
    Universal Decimal Classification     АБ - Абонемент НБ АБ - Абонемент НБ 19/04/2022 №11/19.04.22 85.00   929:78.07 З-45 164539 19/04/2022 85.00 19/04/2022 Книги
    Universal Decimal Classification     АБ - Абонемент НБ АБ - Абонемент НБ 19/04/2022 №11/19.04.22 85.00   929:78.07 З-45 164540 19/04/2022 85.00 19/04/2022 Книги
    Universal Decimal Classification     АБ - Абонемент НБ АБ - Абонемент НБ 19/04/2022 №11/19.04.22 85.00   929:78.07 З-45 164541 19/04/2022 85.00 19/04/2022 Книги
    Universal Decimal Classification     АБ - Абонемент НБ АБ - Абонемент НБ 19/04/2022 №11/19.04.22 85.00   929:78.07 З-45 164542 19/04/2022 85.00 19/04/2022 Книги
    Universal Decimal Classification     АБ - Абонемент НБ АБ - Абонемент НБ 19/04/2022 №11/19.04.22 85.00   929:78.07 З-45 164543 19/04/2022 85.00 19/04/2022 Книги